Advances in software engineering and knowledge engineering
The papers collected in this book were invited by the editors as tutorial courses or keynote speeches for the Fourth International Conference on Software Engineering and Knowledge Engineering. The book offers wide coverage of the main topics involved with the specifications, prototyping, development...
Uloženo v:
| Médium: | Kniha |
|---|---|
| Jazyk: | Undetermined |
| Vydáno: |
Singapore,River Edge, NJ
World Scientific
1993
|
| Témata: | |
| Tagy: |
Přidat tag
Žádné tagy, Buďte první, kdo otaguje tento záznam!
|
| Thư viện lưu trữ: | Trung tâm Học liệu Trường Đại học Cần Thơ |
|---|
| LEADER | 01283nam a2200205Ia 4500 | ||
|---|---|---|---|
| 001 | CTU_156889 | ||
| 008 | 210402s9999 xx 000 0 und d | ||
| 020 | |c 71 | ||
| 082 | |a 005.1 | ||
| 082 | |b A244 | ||
| 245 | 0 | |a Advances in software engineering and knowledge engineering | |
| 245 | 0 | |c [edited by] Vincenzo Ambriola, Genoveffa Tortora. | |
| 260 | |a Singapore,River Edge, NJ | ||
| 260 | |b World Scientific | ||
| 260 | |c 1993 | ||
| 520 | |a The papers collected in this book were invited by the editors as tutorial courses or keynote speeches for the Fourth International Conference on Software Engineering and Knowledge Engineering. The book offers wide coverage of the main topics involved with the specifications, prototyping, development and maintenance of software systems and knowledge-based systems. The main issues in the area of software engineering and knowledge engineering are addressed and for each analyzed topic the corresponding research state is reported. | ||
| 650 | |a Software engineering,Expert systems (Computer science),Computer software,Công nghệ phần mềm,Chuyên viên hệ thống,Phần mềm máy tính | ||
| 650 | |x Development,Phát triển | ||
| 904 | |i Năm | ||
| 980 | |a Trung tâm Học liệu Trường Đại học Cần Thơ | ||